[Event "Taylor (SEMO/4/10)"]
[Site "?"]
[Date "1986.??.??"]
[Round "?"]
[White "Bolda, Dan H"]
[Black "Moody, David"]
[Result "1-0"]
[WhiteElo "1845"]
[BlackElo "1955"]
[PlyCount "51"]
[EventDate "1986.??.??"]

{4/(10)} 1. Nf3 d6 2. d3 e5 3. g3 f5 4. Bg2 Nf6 5. O-O Nc6 6. c4 Be7 7. Nc3 O-O
8. e4 fxe4 9. dxe4 Bg4 10. h3 Bh5 11. g4 Bf7 12. Ng5 Bxc4 13. Re1 Nd4 14. b3
Bf7 15. Nxf7 Rxf7 16. Nd5 Nxd5 17. exd5 Bh4 18. Be3 Qf6 19. Rf1 Raf8 20. f4
exf4 21. Bxd4 Qh6 22. Be4 f3 23. Bxf3 Qf4 24. Bg2 Qg3 25. Rxf7 Rxf7 26. Qe2 1-0

[Event "Taylor (SEMO/1/9)"]
[Site "?"]
[Date "1986.??.??"]
[Round "?"]
[White "Bolda, Dan H"]
[Black "Dowling, Jo"]
[Result "0-1"]
[WhiteElo "1845"]
[BlackElo "2075"]
[PlyCount "138"]
[EventDate "1986.??.??"]

{1/(9)} 1. Nf3 d6 2. g3 e5 3. d3 g6 4. Bg2 Bg7 5. O-O f5 6. Nc3 Nf6 7. Rb1 O-O
8. Bg5 h6 9. Bd2 Nc6 10. Nh4 g5 11. Nf3 Be6 12. a3 Qd7 13. e3 Rae8 14. Ne1 f4
15. exf4 gxf4 16. gxf4 Bg4 17. f3 Bh3 18. Ne2 Nh5 19. Rf2 Nxf4 20. Nxf4 exf4
21. Bc3 Be6 22. d4 Bf5 23. Kh1 Ne7 24. d5 Ng6 25. Bf1 Re7 26. Bd3 Rfe8 27. Bxf5
Qxf5 28. Ng2 b6 29. Bxg7 Kxg7 30. Qd2 Kh7 31. Re1 Rxe1+ 32. Nxe1 Qe5 33. Rf1
Qxb2 34. Qd3 Qf6 35. Rg1 Re5 36. Qc3 Qe7 37. Nd3 Re3 38. Rf1 a5 39. Qd4 Qg7 40.
Qc4 Qf7 41. Qd4 h5 42. a4 Kh6 43. Rf2 Qg7 44. Qc4 Qa1+ 45. Kg2 Nh4+ 46. Kh3
Nxf3 47. Qxf4+ Ng5+ 48. Kg2 Re4 49. Qf8+ Qg7 50. Qxg7+ Kxg7 51. Nb2 Rd4 52. c4
Ne4 53. Re2 Rd2 54. Rxd2 Nxd2 55. Kf2 Kf6 56. Ke2 Ne4 57. Kf3 Kf5 58. h3 h4 59.
Kg2 Ng5 60. c5 dxc5 61. Nc4 Ke4 62. d6 cxd6 63. Nxd6+ Kd3 64. Nf5 c4 65. Nxh4
c3 66. Ng6 c2 67. Nf4+ Kd2 68. h4 Nf7 69. Nd5 c1=Q 0-1

[Event "Warren (MCO/1/23)"]
[Site "?"]
[Date "1986.??.??"]
[Round "?"]
[White "Bohley, D.."]
[Black "Williams, C.."]
[Result "1-0"]
[WhiteElo "2030"]
[BlackElo "1605"]
[PlyCount "83"]
[EventDate "1986.??.??"]

{1/(23)} 1. e4 c5 2. b4 b6 3. bxc5 bxc5 4. Nc3 g6 5. Nf3 Nc6 6. Bb5 Nd4 7. Nxd4
cxd4 8. Nd5 e6 9. Nf4 Qg5 10. Nxe6 fxe6 11. Be2 Qxg2 12. Bf3 Qg5 13. Rb1 Nf6
14. d3 Qe5 15. Bg2 Nd5 16. Qg4 Nb4 17. O-O Nxc2 18. Bf4 Qc5 19. e5 d5 20. exd6
e5 21. Qe2 Bxd6 22. Bxa8 O-O 23. Bh6 Rf5 24. Rfc1 e4 25. Qxe4 Bxh2+ 26. Kxh2
Rh5+ 27. Kg1 Rxh6 28. Qd5+ Qxd5 29. Bxd5+ Kg7 30. Rxc2 Bg4 31. Rc6 Rh5 32. Bg2
Be2 33. f3 Rg5 34. Kf2 Bxd3 35. Rb7+ Kh6 36. Rcc7 Rf5 37. Rxh7+ Kg5 38. Rxa7
Bc4 39. Rhd7 d3 40. Rd4 Rd5 41. Rxd5+ Bxd5 42. Ra5 1-0

[Event "Monroe (MI Op/2/19)"]
[Site "?"]
[Date "1986.??.??"]
[Round "?"]
[White "Bohley, D.."]
[Black "Pokrzywa, J.."]
[Result "1-0"]
[WhiteElo "2030"]
[BlackElo "1820"]
[PlyCount "97"]
[EventDate "1986.??.??"]

{2/(19)} 1. e4 e5 2. Nf3 Nc6 3. Bb5 Nd4 4. Nxd4 exd4 5. O-O c6 6. Bc4 Nf6 7. e5
d5 8. Be2 Nd7 9. f4 Be7 10. d3 O-O 11. Nd2 Nb6 12. a4 a5 13. c3 dxc3 14. bxc3
f6 15. d4 fxe5 16. fxe5 Be6 17. Rxf8+ Bxf8 18. Nf3 h6 19. Bd3 Nd7 20. Rb1 b6
21. Bc2 Be7 22. Qd3 Nf8 23. Be3 Bf7 24. Qd2 Bg6 25. Bxg6 Nxg6 26. Qd3 Nf8 27.
Qf5 Rb8 28. Bf4 Rb7 29. e6 Bd6 30. Bd2 Re7 31. Re1 Qc8 32. Rb1 Bc7 33. Bf4 Rxe6
34. Be5 Bxe5 35. Nxe5 Qc7 36. Qg4 Rf6 37. Re1 c5 38. Qe2 cxd4 39. cxd4 Qc3 40.
Rd1 Qb3 41. Ra1 Rf4 42. Nf3 Re4 43. Qf1 Re6 44. Kh1 Ng6 45. Qc1 Re8 46. Qc6 Kf7
47. Rf1 Re6 48. Ne5+ Ke7 49. Qd7# 1-0

[Event "Monroe (MI Op/6/13)"]
[Site "?"]
[Date "1986.??.??"]
[Round "?"]
[White "Bohley, D.."]
[Black "Lang, J.."]
[Result "1-0"]
[WhiteElo "2030"]
[BlackElo "2105"]
[PlyCount "105"]
[EventDate "1986.??.??"]

{6/(13)} 1. e4 c5 2. b4 cxb4 3. Bb2 Nf6 4. e5 Nd5 5. Nf3 e6 6. a3 Nc6 7. axb4
Bxb4 8. c4 Nf4 9. Nc3 O-O 10. g3 Ng6 11. Qe2 b6 12. Bg2 Bb7 13. O-O a5 14. Nb5
Nce7 15. Nc3 Rc8 16. Ne4 Qc7 17. Rfc1 Nc6 18. d4 Ba6 19. Bf1 d5 20. exd6 Bxd6
21. Nxd6 Qxd6 22. Ba3 Nb4 23. Qe4 f5 24. Qe1 Bb7 25. Ng5 Rfe8 26. Bxb4 axb4 27.
Qd2 h6 28. Nh3 e5 29. d5 Ra8 30. Rab1 Bc8 31. Qxb4 Qxb4 32. Rxb4 f4 33. Rxb6
Kf7 34. f3 Bf5 35. Nf2 fxg3 36. hxg3 Ra3 37. g4 Bc8 38. Ne4 Rd8 39. Nd6+ Rxd6
40. Rxd6 Rxf3 41. Be2 Rh3 42. Ra1 Bxg4 43. Ra7+ Kg8 44. Rxg6 Bxe2 45. Rgxg7+
Kh8 46. Rh7+ Kg8 47. Rhc7 Rf3 48. Rc8+ Rf8 49. Rxf8+ Kxf8 50. c5 Bf3 51. d6 Bc6
52. Rc7 Bb5 53. Rc8+ 1-0

[Event "Warren (MCO/5/19)"]
[Site "?"]
[Date "1986.??.??"]
[Round "?"]
[White "Bohley, D.."]
[Black "DeJongh, John"]
[Result "1-0"]
[WhiteElo "2030"]
[BlackElo "1730"]
[PlyCount "78"]
[EventDate "1986.??.??"]

{5/(19)} 1. e4 e5 2. Nf3 Nc6 3. Bb5 a6 4. Bxc6 dxc6 5. Nc3 Bg4 6. h3 Bxf3 7.
Qxf3 Qf6 8. Qg3 Bd6 9. d3 h6 10. O-O Ne7 11. f4 O-O-O 12. Bd2 Rdf8 13. Rae1
Bc5+ 14. Be3 Bxe3+ 15. Qxe3 Kb8 16. Rf2 Qd6 17. fxe5 Qxe5 18. d4 Qe6 19. b3 f6
20. Na4 Nc8 21. Nc5 Qd6 22. e5 fxe5 23. dxe5 Qe7 24. Rfe2 Nb6 25. c4 g5 26. a4
Rfg8 27. Rd1 Rd8 28. Red2 Rxd2 29. Rxd2 Rd8 30. Rxd8+ Qxd8 31. Qd3 Qe7 32. Qd4
Kc8 33. e6 a5 34. Qh8+ Qd8 35. Qxd8+ Kxd8 36. Nxb7+ Ke7 37. Nxa5 Kxe6 38. Nxc6
Kd6 39. Nb8 Nc8 1-0

[Event "Warren (MCO/3/6)"]
[Site "?"]
[Date "1986.??.??"]
[Round "?"]
[White "Bohley, D.."]
[Black "Cooper, T.."]
[Result "0-1"]
[WhiteElo "2030"]
[BlackElo "2175"]
[PlyCount "86"]
[EventDate "1986.??.??"]

{3/(6)} 1. a3 g6 2. d4 Nf6 3. Nc3 Bg7 4. e3 O-O 5. Nf3 d6 6. Be2 c6 7. O-O Nbd7
8. b3 Qc7 9. Bb2 e5 10. dxe5 dxe5 11. e4 Nc5 12. Bd3 Rd8 13. Qe2 Nh5 14. g3 Bg4
15. Qe3 Nxd3 16. cxd3 Qd6 17. Rfd1 Qf6 18. Ne1 Bxd1 19. Rxd1 Qe6 20. b4 Nf6 21.
Kg2 Qb3 22. Qe2 h5 23. Qc2 Qe6 24. Nf3 Nh7 25. Na4 b6 26. Bc1 Rac8 27. Be3 Bf6
28. Qc3 g5 29. Nb2 g4 30. Ne1 Bg5 31. Nc4 f6 32. f4 gxf3+ 33. Nxf3 b5 34. Nxg5
Nxg5 35. Bxg5 bxc4 36. Be3 cxd3 37. Rxd3 Rd7 38. Rxd7 Qxd7 39. Qc4+ Kg7 40. Qe2
Qg4 41. Qd3 Rc7 42. h3 Rd7 43. Qc4 Qd1 0-1

[Event "Monroe (MI Op/5/16)"]
[Site "?"]
[Date "1986.??.??"]
[Round "?"]
[White "Bohley, D.."]
[Black "Chandler, P.."]
[Result "1-0"]
[WhiteElo "2030"]
[BlackElo "1805"]
[PlyCount "51"]
[EventDate "1986.??.??"]

{5/(16)} 1. e4 c5 2. b4 cxb4 3. Bb2 Nc6 4. Nf3 d5 5. exd5 Qxd5 6. c4 bxc3 7.
Nxc3 Qa5 8. d4 e6 9. Bc4 Nf6 10. O-O a6 11. d5 exd5 12. Nxd5 Nxd5 13. Bxd5 Be6
14. Bxe6 fxe6 15. Re1 Kf7 16. Qd7+ Be7 17. Qxe6+ Kf8 18. Re4 Qc7 19. Rae1 Qd6
20. Qf5+ Kg8 21. Re6 Qd7 22. Qg4 Bf8 23. Ng5 Nd8 24. Rd1 Qb5 25. Re5 Qxb2 26.
Qc4+ 1-0

[Event "Monroe (RVO/2/7)"]
[Site "?"]
[Date "1986.??.??"]
[Round "?"]
[White "Blocker, C.."]
[Black "Rust, L.."]
[Result "1-0"]
[WhiteElo "2495"]
[BlackElo "1715"]
[PlyCount "47"]
[EventDate "1986.??.??"]

{2/(7)} 1. c4 f5 2. d4 Nf6 3. Nc3 e6 4. Nf3 Bb4 5. Qc2 O-O 6. g3 Bxc3+ 7. Qxc3
Ne4 8. Qc2 d6 9. Bg2 Nd7 10. O-O Qe7 11. b4 b6 12. Ne1 c5 13. bxc5 dxc5 14. Ba3
Bb7 15. Nd3 Rfc8 16. f3 Nef6 17. Rad1 Qf7 18. dxc5 bxc5 19. Bb2 Nb6 20. Ne5 Qc7
21. e4 g6 22. Nxg6 Nxe4 23. Nf4 Ng5 24. Bf6 1-0

[Event "Warren (MCO/5/1)"]
[Site "?"]
[Date "1986.??.??"]
[Round "?"]
[White "Blocker, C.."]
[Black "Poschel, Paul"]
[Result "1-0"]
[WhiteElo "2485"]
[BlackElo "2265"]
[PlyCount "149"]
[EventDate "1986.??.??"]

{5/(1)} 1. e4 c5 2. Nf3 e6 3. d4 cxd4 4. Nxd4 Nf6 5. Nc3 Nc6 6. Ndb5 Bb4 7. a3
Bxc3+ 8. Nxc3 d5 9. exd5 exd5 10. Bd3 O-O 11. O-O d4 12. Ne2 Qd5 13. Nf4 Qd6
14. Nh5 Ng4 15. Bf4 Qd5 16. Ng3 Be6 17. Re1 Nf6 18. Ne4 Nxe4 19. Bxe4 Qd7 20.
Qd3 f5 21. Bxc6 bxc6 22. Be5 c5 23. b4 Rac8 24. bxc5 Rxc5 25. Bxd4 Bc4 26. Qd1
Rd5 27. c3 f4 28. f3 a5 29. Rb1 Rg5 30. Re5 Rxe5 31. Bxe5 Qxd1+ 32. Rxd1 g5 33.
h4 h6 34. Rd7 Rf7 35. Rd8+ Rf8 36. Rxf8+ Kxf8 37. hxg5 hxg5 38. Bf6 g4 39. fxg4
Be6 40. g5 Bd5 41. Kf2 Kf7 42. Be5 Kg6 43. Bxf4 Kf5 44. g3 Ke4 45. Bc7 a4 46.
Bb6 Bf7 47. Ke2 Bc4+ 48. Kd2 Bf7 49. g6 Bc4 50. g7 Bg8 51. Bc7 Bc4 52. Bf4 Bg8
53. Bd6 Bc4 54. Bb8 Bg8 55. Ke2 Bd5 56. Bc7 Bg8 57. Kf2 Bd5 58. g4 Kd3 59. Ba5
Ke4 60. Kg3 Ke5 61. Bd8 Bg8 62. Kh4 Kd6 63. Kg5 Kd7 64. Ba5 Kc6 65. Bb4 Kd7 66.
Kg6 Ke8 67. g5 Kd7 68. Kf6 Ke8 69. Ke5 Kd7 70. Kd4 Kc6 71. c4 Bf7 72. c5 Bg8
73. Ke5 Kd7 74. Kf6 Bd5 75. c6+ 1-0

[Event "Warren (MCO/1/1)"]
[Site "?"]
[Date "1986.??.??"]
[Round "?"]
[White "Blocker, C.."]
[Black "Morris, Jewell"]
[Result "1-0"]
[WhiteElo "2485"]
[BlackElo "1695"]
[PlyCount "99"]
[EventDate "1986.??.??"]

{1/(1)} 1. Nf3 d5 2. g3 c6 3. Bg2 Nf6 4. O-O e6 5. d4 Bd6 6. c4 O-O 7. Nc3 h6
8. Qc2 Nbd7 9. Rd1 Re8 10. e4 dxe4 11. Nxe4 Nxe4 12. Qxe4 Nf6 13. Qc2 Qa5 14.
c5 Bf8 15. Ne5 Qd8 16. Be3 Nd5 17. Be4 Nf6 18. Bd3 Qd5 19. f3 Qd8 20. g4 g5 21.
Bf2 Bg7 22. Kh1 Qd5 23. Bg3 Kf8 24. Bc4 Qd8 25. Re1 Qxd4 26. Rad1 Qxc5 27. Nd7+
Bxd7 28. Bd6+ Qxd6 29. Rxd6 Rad8 30. Rd2 Nd5 31. Qb3 Nb6 32. Red1 c5 33. Bb5
Bd4 34. Rxd4 cxd4 35. Rxd4 Nd5 36. Qa3+ Kg8 37. Bxd7 Rxd7 38. Qxa7 Rc8 39. Rd1
Ne3 40. Re1 Nd1 41. Qa4 Nf2+ 42. Kg2 Rd2 43. Kf1 Nh3 44. Rd1 Rf2+ 45. Ke1 Rcc2
46. Rd8+ Kh7 47. Qe4+ Kg7 48. Qd4+ Kh7 49. Qh8+ Kg6 50. Rg8# 1-0

[Event "Monroe (RVO/5/1)"]
[Site "?"]
[Date "1986.??.??"]
[Round "?"]
[White "Blocker, C.."]
[Black "Mills, J.."]
[Result "1-0"]
[WhiteElo "2490"]
[BlackElo "2265"]
[PlyCount "91"]
[EventDate "1986.??.??"]

{5/(1)} 1. c4 e5 2. Nc3 Nf6 3. g3 d5 4. cxd5 Nxd5 5. Bg2 Nxc3 6. bxc3 Nc6 7.
Nf3 Be7 8. O-O O-O 9. Rb1 Rb8 10. d3 Be6 11. Qc2 f6 12. d4 exd4 13. Nxd4 Nxd4
14. cxd4 Qxd4 15. Be3 Qc4 16. Qxc4 Bxc4 17. Bxa7 Ra8 18. Rxb7 Bd6 19. Rc1 Bxe2
20. Bc5 Ba6 21. Rxc7 Bxc7 22. Bd5+ Rf7 23. Bxa8 Rd7 24. Bc6 Rd3 25. Be4 Rd8 26.
Kg2 Kf7 27. h4 g6 28. Be3 Bb8 29. g4 Bb5 30. Rb1 Bd7 31. Bd5+ Ke8 32. Re1 Be5
33. Bb6 Rb8 34. Bd4 Rb5 35. Bc4 Bc6+ 36. f3 Ra5 37. Bb3 Kd7 38. Bxe5 fxe5 39.
Kf2 Kd6 40. Ke3 Ba4 41. Bg8 Bc6 42. Rd1+ Kc5 43. Bxh7 Rxa2 44. Bxg6 Ra3+ 45.
Rd3 Ra4 46. Be4 1-0

[Event "Warren (MCO/3/1)"]
[Site "?"]
[Date "1986.??.??"]
[Round "?"]
[White "Blocker, C.."]
[Black "Levine, H.."]
[Result "1-0"]
[WhiteElo "2485"]
[BlackElo "2065"]
[PlyCount "47"]
[EventDate "1986.??.??"]

{3/(1)} 1. Nf3 Nf6 2. c4 g6 3. d4 d5 4. cxd5 Nxd5 5. e4 Nb6 6. h3 Bg7 7. Nc3
O-O 8. Be2 Nc6 9. Be3 e5 10. d5 Ne7 11. Bc5 Re8 12. a4 Bd7 13. Qb3 Rb8 14. O-O
Nbc8 15. Rfc1 b6 16. Ba3 c5 17. Bxc5 Qc7 18. Ba3 Qd8 19. Nb5 Bxb5 20. Bxb5 Rf8
21. d6 Nxd6 22. Rd1 Nec8 23. Bxd6 Nxd6 24. Qb4 1-0

[Event "Monroe (RVO/1/1)"]
[Site "?"]
[Date "1986.??.??"]
[Round "?"]
[White "Blocker, C.."]
[Black "Hankinson, Chris"]
[Result "1-0"]
[WhiteElo "2495"]
[BlackElo "2025"]
[PlyCount "115"]
[EventDate "1986.??.??"]

{1/(1)} 1. c4 Nf6 2. Nc3 c5 3. g3 g6 4. Bg2 Bg7 5. e3 O-O 6. Nge2 d6 7. O-O
Nbd7 8. d4 Rb8 9. a4 b6 10. d5 Ne5 11. b3 Bg4 12. f3 Bc8 13. h3 Ne8 14. f4 Nd7
15. e4 e5 16. f5 g5 17. g4 f6 18. Ng3 Kf7 19. Nh5 a5 20. h4 h6 21. Kf2 Ke7 22.
Rh1 Rh8 23. Be3 Kf7 24. Rh2 Nc7 25. Qf3 Qg8 26. Rah1 Ba6 27. Ke1 Ke7 28. Rh3
Rf8 29. Bf1 Rh7 30. R1h2 Rf7 31. Nxg7 Rfxg7 32. Qh1 Nf8 33. Ne2 Ne8 34. Ng3 Bc8
35. Nh5 Rf7 36. Be2 Bd7 37. Kf2 Bc8 38. Bf3 Bd7 39. Qc1 Bc8 40. Rh1 Bd7 41. Bd1
Bc8 42. Be2 Bd7 43. Qa1 Bc8 44. b4 axb4 45. a5 bxa5 46. Qxa5 Nd7 47. hxg5 hxg5
48. Qa7 Kd8 49. Bd1 Nc7 50. Ba4 Ne8 51. Qa8 Nc7 52. Qa5 Qf8 53. Kg2 Nb8 54. Qb6
Nba6 55. Bb5 Ke7 56. Bd2 Qd8 57. Nf4 Nxb5 58. Ng6+ 1-0

[Event "Warren (MCO/5/24)"]
[Site "?"]
[Date "1986.??.??"]
[Round "?"]
[White "Blake, J.."]
[Black "Lang, J.."]
[Result "1-0"]
[WhiteElo "1645"]
[BlackElo "2105"]
[PlyCount "113"]
[EventDate "1986.??.??"]

{5/(24)} 1. e4 Nf6 2. e5 Nd5 3. c4 Nb6 4. d4 d6 5. f4 g6 6. Bd3 Bg7 7. Nf3 Nc6
8. Be3 O-O 9. h3 Bd7 10. O-O Nb4 11. Be2 a5 12. a3 Na6 13. Qe1 a4 14. Nbd2 c5
15. Rb1 Bf5 16. Rc1 cxd4 17. Bxd4 Nc5 18. g4 Bd3 19. Bxc5 Bxe2 20. Qxe2 dxc5
21. Rcd1 Qc8 22. Kh2 Ra6 23. Qf2 Qc7 24. Qh4 h6 25. Rde1 Rd8 26. Kg1 Rd3 27.
Kf2 Ra8 28. f5 Rad8 29. f6 exf6 30. exf6 Bf8 31. g5 h5 32. Re2 Qc8 33. Rfe1 Qf5
34. Kg2 Nc8 35. Qe4 Nd6 36. Qe5 h4 37. Qxf5 Nxf5 38. Nb1 Nd4 39. Re3 Nxf3 40.
Kxf3 R8d4 41. Rxd3 Rxd3+ 42. Re3 Rd4 43. Re4 Bd6 44. Nc3 Kf8 45. Rxd4 cxd4 46.
Nxa4 Ke8 47. Ke4 d3 48. Kxd3 Bf4 49. Ke4 Bxg5 50. Ke5 Kd8 51. c5 Be3 52. Kd5
Kd7 53. Nc3 Bc1 54. Nd1 Bg5 55. Ke5 Kc6 56. Nf2 Kxc5 57. Ne4+ 1-0

[Event "Warren (MCO/4/25)"]
[Site "?"]
[Date "1986.??.??"]
[Round "?"]
[White "Blake, J.."]
[Black "Gaba, H.."]
[Result "0-1"]
[WhiteElo "1645"]
[BlackElo "1900"]
[PlyCount "72"]
[EventDate "1986.??.??"]

{4/(25)} 1. e4 e5 2. Nf3 d6 3. d4 Nc6 4. d5 Nce7 5. Bd3 c5 6. O-O h6 7. c4 Ng6
8. Be3 Nf6 9. h3 Be7 10. Nbd2 O-O 11. Nh2 Nf4 12. Bc2 Nh7 13. Qf3 Ng5 14. Qd1
a6 15. Bxf4 exf4 16. a4 Bf6 17. Rb1 Be5 18. Qc1 Qe7 19. Ndf3 Qf6 20. Nxe5 Qxe5
21. h4 Nh7 22. Nf3 Qf6 23. Re1 Re8 24. Ra1 Nf8 25. g3 fxg3 26. Re3 Bg4 27. Kg2
Bxf3+ 28. Rxf3 Qxh4 29. Rxg3 Ng6 30. Qg1 Re5 31. Kf1 Rg5 32. Raa3 Qf4 33. Rxg5
hxg5 34. Rc3 Qc1+ 35. Ke2 Nf4+ 36. Kf3 Qxg1 0-1

[Event "Warren (MCO/1/6)"]
[Site "?"]
[Date "1986.??.??"]
[Round "?"]
[White "Blake, J.."]
[Black "Cooper, T.."]
[Result "0-1"]
[WhiteElo "1645"]
[BlackElo "2175"]
[PlyCount "66"]
[EventDate "1986.??.??"]

{1/(6)} 1. e4 d6 2. d4 Nf6 3. Bd3 g6 4. f4 Bg7 5. Nf3 c5 6. c3 O-O 7. O-O cxd4
8. cxd4 Qb6 9. b3 Nc6 10. Bc2 Bg4 11. h3 Bxf3 12. Rxf3 Nxd4 13. Rf2 Nxc2 14.
Qxc2 Rac8 15. Nc3 Rxc3 16. Qe2 Rfc8 17. Bd2 Rc2 18. Qe3 Qxe3 19. Bxe3 Rxf2 20.
Bxf2 Nxe4 21. Re1 Nxf2 22. Kxf2 Rc2+ 23. Kf3 e6 24. a4 Rc3+ 25. Re3 d5 26. Rxc3
Bxc3 27. Ke3 Kf8 28. Kd3 Be1 29. Kd4 Ke7 30. g4 f5 31. gxf5 gxf5 32. Kd3 Kd6
33. Kd4 Bd2 0-1

[Event "Monroe (MI Op/5/6)"]
[Site "?"]
[Date "1986.??.??"]
[Round "?"]
[White "Baze, Lineas"]
[Black "Noren, Kevin"]
[Result "0-1"]
[WhiteElo "2020"]
[BlackElo "2175"]
[PlyCount "114"]
[EventDate "1986.??.??"]

{5/(6)} 1. Nf3 e6 2. g3 c5 3. Bg2 Nc6 4. O-O Nf6 5. c4 Be7 6. d4 d5 7. cxd5
exd5 8. Nc3 O-O 9. dxc5 Bxc5 10. Bg5 d4 11. Ne4 Be7 12. Nxf6+ Bxf6 13. Bxf6
Qxf6 14. Ne1 Bg4 15. h3 Bf5 16. Nd3 Rad8 17. Qa4 Bxd3 18. exd3 Ne5 19. Qd1 Qf5
20. b3 Nxd3 21. Bxb7 Nc5 22. Bg2 d3 23. Qd2 Ne6 24. Rac1 Nd4 25. Rfe1 Ne2+ 26.
Rxe2 dxe2 27. Qxe2 Rfe8 28. Qc2 Qxc2 29. Rxc2 Rc8 30. Rxc8 Rxc8 31. Bd5 a5 32.
a4 Kf8 33. Kg2 Rc3 34. g4 g5 35. f3 Ke7 36. Kg3 f6 37. h4 h6 38. hxg5 hxg5 39.
Kf2 Kd6 40. Bc4 Kc5 41. Ke2 Kd4 42. Kf2 Kc5 43. Ke2 Kb4 44. Kf2 Rxb3 45. Bxb3
Kxb3 46. Ke3 Kxa4 47. Ke4 Kb4 48. Kf5 a4 49. Kxf6 a3 50. Kxg5 a2 51. f4 a1=Q
52. f5 Kc5 53. f6 Kd6 54. Kg6 Qb1+ 55. Kg7 Qb7+ 56. Kg6 Ke6 57. g5 Qf7+ 0-1

[Event "Monroe (MI Op/2/20)"]
[Site "?"]
[Date "1986.??.??"]
[Round "?"]
[White "Baze, Lineas"]
[Black "Kung, Fred"]
[Result "1-0"]
[WhiteElo "2020"]
[BlackElo "1830"]
[PlyCount "103"]
[EventDate "1986.??.??"]

{2/(20)} 1. c4 e6 2. Nc3 d5 3. d4 c5 4. cxd5 exd5 5. Nf3 Nc6 6. e3 Nf6 7. Be2
Bd6 8. O-O O-O 9. Nb5 Be7 10. dxc5 Bxc5 11. a3 a6 12. Nbd4 Bg4 13. b4 Nxd4 14.
Nxd4 Bxd4 15. exd4 Bxe2 16. Qxe2 Re8 17. Qd3 h6 18. Bf4 Nh5 19. Be3 Qe7 20.
Rac1 Nf6 21. h3 Rac8 22. Rc5 Rxc5 23. bxc5 Qe4 24. Qxe4 Rxe4 25. Rb1 Re7 26.
Rb6 Kf8 27. c6 bxc6 28. Rxa6 Rc7 29. a4 Ke7 30. Bf4 Rc8 31. Be5 Ne8 32. Ra7+
Ke6 33. g4 c5 34. f4 g6 35. f5+ gxf5 36. Ra6+ Ke7 37. gxf5 c4 38. Ra7+ Kf8 39.
Ra5 f6 40. Bf4 Ke7 41. Rxd5 Ra8 42. a5 h5 43. Kf2 Rc8 44. a6 Nc7 45. Rc5 Kd7
46. Rxc7+ Rxc7 47. Bxc7 Kxc7 48. d5 c3 49. Ke2 Kb6 50. d6 Kxa6 51. d7 c2 52.
Kd2 1-0

[Event "Monroe (MI Op/4/5)"]
[Site "?"]
[Date "1986.??.??"]
[Round "?"]
[White "Baze, Lineas"]
[Black "Finegold, Ron"]
[Result "1/2-1/2"]
[WhiteElo "2020"]
[BlackElo "2125"]
[PlyCount "82"]
[EventDate "1986.??.??"]

{4/(5)} 1. c4 e5 2. Nc3 f5 3. d3 Nf6 4. Bg5 Be7 5. Bxf6 Bxf6 6. e4 d6 7. exf5
Bxf5 8. Qf3 Bc8 9. h4 Nc6 10. Qh5+ Kf8 11. Nf3 Qe8 12. Qxe8+ Kxe8 13. Nd5 Bd8
14. O-O-O Be6 15. d4 Bxd5 16. cxd5 Nxd4 17. Nxd4 exd4 18. Rxd4 Bf6 19. Rb4 Rb8
20. Bd3 a5 21. Ra4 c5 22. Rxa5 Kd8 23. Rb5 Kc7 24. Bf5 g6 25. Bd3 Ra8 26. a3
Ra4 27. h5 g5 28. f3 h6 29. Re1 Be5 30. Re4 Rxe4 31. Bxe4 Rf8 32. Kc2 b6 33.
Rb3 Bg3 34. Re3 Bf4 35. Re2 Be5 36. Bd3 Rf4 37. Re4 Rxe4 38. Bxe4 b5 39. b3 Kb6
40. Bf5 Ka5 41. Bd7 Bf4 1/2-1/2

[Event "Warren (MCO/1/9)"]
[Site "?"]
[Date "1986.??.??"]
[Round "?"]
[White "Baudry, Pascal"]
[Black "Steen, Harold"]
[Result "1-0"]
[WhiteElo "2155"]
[BlackElo "1625"]
[PlyCount "101"]
[EventDate "1986.??.??"]

{1/(9)} 1. e3 d6 2. b4 Nf6 3. Bb2 Nbd7 4. Bc4 g6 5. f4 Bg7 6. Nf3 c6 7. a4 a5
8. b5 Nb6 9. Na3 Nxa4 10. Bd4 c5 11. Bxf6 Bxf6 12. c3 Nb6 13. e4 Nxc4 14. Nxc4
Be6 15. Ne3 Qc7 16. f5 Bd7 17. Nd5 Qd8 18. b6 O-O 19. fxg6 hxg6 20. Nc7 Rb8 21.
Rxa5 Bc6 22. Qe2 e5 23. O-O Kg7 24. d3 Qd7 25. Rb1 Bd8 26. Nd5 Bxd5 27. exd5 f5
28. Nd2 Bf6 29. Nc4 Rfe8 30. Qf3 e4 31. dxe4 Rxe4 32. Nd2 Re7 33. Nc4 Rbe8 34.
Qg3 Be5 35. Qd3 Rh8 36. h3 Rh4 37. Ra7 Kf6 38. Na5 Qc8 39. Nc6 Reh7 40. Nxe5
dxe5 41. Qb5 Kg5 42. Ra5 e4 43. Qxc5 Qb8 44. d6 Rd7 45. Rd1 Rh8 46. c4 Kh5 47.
g4+ Kh4 48. gxf5 gxf5 49. Qf2+ Kxh3 50. Ra3+ Kg4 51. Rg3+ 1-0

[Event "Dearborn (MEX/1)"]
[Site "Dearborn"]
[Date "1986.??.??"]
[Round "?"]
[White "Baudry, Pascal"]
[Black "Poschel, Paul"]
[Result "0-1"]
[WhiteElo "2070"]
[BlackElo "2300"]
[PlyCount "94"]
[EventDate "1986.??.??"]

1. e3 Nf6 2. f4 d5 3. b3 g6 4. Bb2 Bg7 5. Nf3 O-O 6. Be2 c5 7. O-O Nc6 8. Ne5
Qc7 9. Nxc6 Qxc6 10. Na3 Be6 11. g4 Ne8 12. Bxg7 Nxg7 13. c4 Rad8 14. Bf3 Qd7
15. d4 dxc4 16. dxc5 Qc8 17. Qc1 Bxg4 18. Nxc4 Bxf3 19. Rxf3 Qxc5 20. Ne5 Qd5
21. Qc4 Qxc4 22. Nxc4 Nf5 23. e4 Nd6 24. Nxd6 Rxd6 25. Rc1 Rfd8 26. Rc7 R6d7
27. Rxd7 Rxd7 28. Rf2 f6 29. Kg2 Kf7 30. Kf3 Rd3+ 31. Ke2 Rc3 32. Kd2 Rh3 33.
Ke2 Ke6 34. Kf1 Re3 35. f5+ Ke5 36. Rc2 Rxe4 37. fxg6 hxg6 38. Rc7 Kf4 39. Rxb7
a5 40. a3 Kf3 41. b4 axb4 42. axb4 e5 43. b5 Rb4 44. Ke1 f5 45. Rg7 Rxb5 46.
Rxg6 Rb1+ 47. Kd2 Rb2+ 0-1

[Event "Warren (MCO/5/8)"]
[Site "?"]
[Date "1986.??.??"]
[Round "?"]
[White "Baudry, Pascal"]
[Black "Nikolovski, Oliver"]
[Result "1-0"]
[WhiteElo "2155"]
[BlackElo "1930"]
[PlyCount "97"]
[EventDate "1986.??.??"]

{5/(8)} 1. e3 e5 2. d4 Nc6 3. Nf3 e4 4. Nfd2 Nf6 5. c4 Bb4 6. Nc3 Bxc3 7. bxc3
O-O 8. Be2 Re8 9. O-O d6 10. f3 Qe7 11. fxe4 Nxe4 12. Nxe4 Qxe4 13. Bd3 Qg4 14.
Qc2 Qh5 15. Rb1 a6 16. Be4 Nd8 17. Bd2 Rb8 18. Rf4 c6 19. Be1 h6 20. Bg3 Qg5
21. Bh4 Qh5 22. Bxd8 Rxd8 23. Bxc6 b6 24. Bd5 Be6 25. Bxe6 fxe6 26. Qe4 Qe8 27.
Rbf1 Qe7 28. Qf3 Rf8 29. Rxf8+ Rxf8 30. Qxf8+ Qxf8 31. Rxf8+ Kxf8 32. e4 Ke7
33. Kf2 Kf6 34. Kf3 Kg5 35. g3 h5 36. h4+ Kg6 37. a4 Kf6 38. g4 g6 39. gxh5
gxh5 40. Ke3 Ke7 41. e5 dxe5 42. dxe5 Kd7 43. Kf4 Kc6 44. Kg5 Kc5 45. Kf6 Kxc4
46. Kxe6 b5 47. axb5 axb5 48. Kf6 Kxc3 49. e6 1-0

[Event "Monroe (MI Op/1a/10)"]
[Site "?"]
[Date "1986.??.??"]
[Round "?"]
[White "Baudry, Pascal"]
[Black "Moore, Robert"]
[Result "1/2-1/2"]
[WhiteElo "2105"]
[BlackElo "1805"]
[PlyCount "71"]
[EventDate "1986.??.??"]

1. e3 Nf6 2. f4 g6 3. b3 Bg7 4. Bb2 d6 5. Be2 c5 6. Nf3 Nc6 7. a4 Qc7 8. Na3 a6
9. Nc4 O-O 10. O-O Bf5 11. Nh4 e6 12. d3 b5 13. Na3 bxa4 14. e4 axb3 15. cxb3
Bxe4 16. dxe4 Nxe4 17. Bxg7 Kxg7 18. f5 exf5 19. Bxa6 Rxa6 20. Nb5 Qb6 21. Rxa6
Qxa6 22. Nxd6 Nxd6 23. Qxd6 Qb5 24. Rxf5 Qb4 25. Qf6+ Kg8 26. Nf3 Nd4 27. Nxd4
Qxd4+ 28. Qxd4 cxd4 29. Rd5 Rb8 30. Rxd4 Rxb3 31. g4 Kg7 32. Kg2 g5 33. Rd6 f6
34. Ra6 Kg6 35. Rc6 Rb4 36. Kg3 1/2-1/2

[Event "Dearborn (MEX/4)"]
[Site "Dearborn"]
[Date "1986.??.??"]
[Round "?"]
[White "Baudry, Pascal"]
[Black "Kulbacki, James"]
[Result "1-0"]
[WhiteElo "2070"]
[BlackElo "2045"]
[PlyCount "55"]
[EventDate "1986.??.??"]

1. e3 g6 2. f4 Bg7 3. Nf3 d6 4. Be2 c5 5. O-O Nc6 6. d4 e6 7. dxc5 dxc5 8.
Qxd8+ Nxd8 9. Nbd2 Ne7 10. e4 Nec6 11. c3 a6 12. e5 b5 13. Ne4 Nb7 14. Be3 c4
15. a4 Rb8 16. axb5 axb5 17. Bb6 Nbd8 18. Bc7 Rb7 19. Nd6+ Kd7 20. Nxb7 Nxb7
21. Bb6 Ne7 22. Rfd1+ Nd5 23. g3 Ke7 24. Bd4 Bd7 25. Ra7 Bc6 26. Bc5+ Kd7 27.
Nd4 Rb8 28. Bd6 1-0

[Event "Monroe (MI Op/5/2)"]
[Site "?"]
[Date "1986.??.??"]
[Round "?"]
[White "Baudry, Pascal"]
[Black "Koster, Ed"]
[Result "1-0"]
[WhiteElo "2105"]
[BlackElo "2180"]
[PlyCount "91"]
[EventDate "1986.??.??"]

{5/(2)} 1. e3 e5 2. d4 exd4 3. exd4 Nf6 4. Nf3 d5 5. Bd3 Bd6 6. O-O O-O 7. Bg5
Bg4 8. Nbd2 Nbd7 9. c4 dxc4 10. Nxc4 Be7 11. Nce5 Be6 12. Rc1 c6 13. Re1 Nd5
14. Bxe7 Qxe7 15. Nxd7 Qxd7 16. Ne5 Qd6 17. Bb1 Rad8 18. Qf3 Nf6 19. Rcd1 Rfe8
20. g4 Nd5 21. Qh3 g6 22. Qh6 Qf8 23. Qh4 Qg7 24. g5 f6 25. Nd3 fxg5 26. Qxg5
Qf6 27. Qg3 Bf5 28. Re5 Ne7 29. Rde1 Rxd4 30. Qe3 Rg4+ 31. Kh1 Kf8 32. Rxf5
Qxf5 33. Ne5 Qf4 34. Nxg4 Qxg4 35. Bc2 Qd7 36. Qh6+ Kg8 37. Qe3 Qd5+ 38. Kg1
Qd7 39. Bb3+ Kg7 40. Qe5+ Kh6 41. Be6 Qd2 42. Re3 Nf5 43. Rh3+ Kg5 44. f4+ Kg4
45. Bxf5+ gxf5 46. Rg3+ 1-0